000 00607nam a2200181Ia 4500
008 151202s9999||||xx |||||||||||||| ||und||
082 _bPNVM-35798
100 _aगोडबोले मंगला.
245 _aकुंपण आणि आकाश.
260 _b"राजहंस प्रकाशन,पुणे."
260 _c1985
300 _a112
600 _aगोडबोले मंगला.
630 _aकुंपण आणि आकाश.
700 _aगोडबोले मंगला.
730 _aकुंपण आणि आकाश.
942 _cBOOK
999 _c1301751
_d1301748